000 00428nam a2200181Ia 4500
001 10868
005 20260306161904.0
008 260306t1999||||xx |||||||||||||| ||spa||
041 _aESP
082 _a980
_bH59 V. 1
100 _aRojas Rabiela, Teresa
_eAUT
245 0 _aLas sociedades originarias
260 _c1999
300 _a660 páginas :
_c25 cm.
650 _aGEN
654 _aCHU
942 _cLIB
_dJUS
_fJUS
_2ddc
_n
999 _c10868
_d10868